Responses for Show #6944 - Thursday, November 20, 2014

2014 Tournament of Champions final game 1.

Contestants

[<< previous game]

Julia Collins, a 20-time Jeopardy! champion from Kenilworth, Illinois

Arthur Chu, a compliance analyst, voiceover artist, and blogger from Broadview Heights, Ohio

Ben Ingram, an IT consultant originally from Florence, South Carolina

[next game >>]

Jeopardy! Round responses

TODAY'S MUSIC
WEBSITES FOR WOMEN
BOOKS & ARTHURS
HOMOPHONIC PAIRS
COUNTRY BY STATE
(Alex: We'll give you the state.)
-GRAMS
    $200 30
(Blake) Shelton

Ben
    $200 26
football

Ben
    $200 25
The Scarlet Letter

Ben
    $200 27
minor miner

Ben
    $200 14
Germany

Arthur
    $200 21
monogram

Ben
    $400 29
Florence and the Machine

Julia
    $400 23
launch

Arthur
    $400 7
(Sir Arthur Conan) Doyle

Arthur
    $400 28
wine whine

Arthur
    $400 16
(Ben: What is Brazil?)

Venezuela

BenArthur
    $400 22
epigram

Arthur
    $600 9
John Legend

Arthur
    $600 2
Jezebel(.com)

Julia
    $600 6
aardvark

Julia
    $600 20
troop troupe

Ben
    $600 1
Mexico

Arthur
    $600 24
hologram

Ben
    $800 8
Alicia Keys

Julia
    $800 3
funds

Ben
    $2,400 11
A Connecticut Yankee in King Arthur's Court

Arthur
    $800 10
gilt guilt

Arthur
    $800 4
Austria

Ben
    $800 19
mammogram

Arthur
    $1000 15
(Ben: Who is Thicke?)
(Alex: Which one?)
(Ben: [*].)

Robin Thicke

Ben
    $1000 18
Jane

Arthur
    $1000 17
Arthur C. Clarke

Arthur
    $1000 12
(Arthur: What is... a date date?)

current currant

Arthur
Triple Stumper
    $1000 5
Malaysia

Ben
    $1000 13
Instagram

Ben

Scores at the first commercial break (after clue 15):

Ben Arthur Julia
$4,600 $4,000 $2,000

Scores at the end of the Jeopardy! Round:

Ben Arthur Julia
$6,400 $8,400 $2,400

Double Jeopardy! Round responses

PAINT BY YEARS
SUBATOMIC
YOU MUST BE CONFUSED
1940s TELEVISION
INITIALS TO ROMAN NUMERALS TO NUMBERS II
(Alex: Now, a bit of an explanation. The players all, obviously, know what that category's all about. I'll give you an example. If we said, "French bag maker", that would be Louis Vuitton. We take the letters LV, and that translates to what number? 55.)
THE RECKONING
    $400 15
blue period

Arthur
    $400 26
weak nuclear force

Arthur
    $400 30
puzzled

Arthur
    $400 28
The Lone Ranger

Arthur
    $400 1
600 (DC, David Cameron)

Arthur
    $400 29
Rasputin

Julia
    $800 8
(Julia: Who is Matthew?)

Saul (or St. Paul)

BenJulia
    $800 20
protons and neutrons

Arthur
    $800 25
Bewildered

Arthur
    $800 27
Howdy Doody

Julia
    $800 5
2,000 (MM, Michael Moore)

Julia
    $800 23
Bugsy Siegel

Arthur
    $1200 12
(Johannes) Vermeer

Julia
    $1200 3
photons

Arthur
    $1200 2
conflate (or confound)

Arthur
    $1200 24
Madison Square Garden

Arthur
    $1200 4
1 (I, Iman)

Julia
    $1200 22
Thomas More

Julia
    $5,000 13
El Greco (Doménikos Theotokópoulos)

Julia
    $1600 9
Higgs boson

Arthur
    $1600 19
muddle

Arthur
    $1600 21
(Milton) Berle

Ben
    $4,400 6
51 (LI, Lance Ito)

Julia
    $1600 11
Harper's Ferry

Julia
    $2000 14
Wolfe

Ben
    $2000 10
tachyons

Arthur
    $2000 18
nonplussed

Arthur
    $2000 16
(Allen) Funt

Ben
    $2000 7
1,010 (MX, Malcolm X)

Triple Stumper
    $2000 17
Caligula

Arthur

Scores at the end of the Double Jeopardy! Round:

Ben Arthur Julia
$12,800 $25,600 $18,200

Final Jeopardy! Round responses

20th CENTURY PRESIDENTIAL ELECTIONS
(Alex: This was a tough one. James Middleton Cox was the only one of the four who never became a president.)
...
(Alex: [To Ben] That year, the other three were Harding, Coolidge, and FDR. You are right.)
BenWhat is 1920?
$12,800
JuliaWhat is 1952 19 1952?
$11,800
ArthurWhat is 1936?1932
$10,000
1920

Final scores:

Ben Arthur Julia
$25,600 $15,600 $6,400

Game dynamics:

Coryat scores:

Ben Arthur Julia
$12,800 $24,000 $12,000
16 R,
1 W
29 R
(including 1 DD),
1 W
13 R
(including 2 DDs),
1 W

Combined Coryat: $48,800

[game clues] [game scores] [suggest correction]

Game tape date: 2014-10-01
The J! Archive is created by fans, for fans. Scraping, republication, monetization, and malicious use prohibited; this site may use cookies and collect identifying information. See terms. The Jeopardy! game show and all elements thereof, including but not limited to copyright and trademark thereto, are the property of Jeopardy Productions, Inc. and are protected under law. This website is not affiliated with, sponsored by, or operated by Jeopardy Productions, Inc. Join the discussion at JBoard.tv.